[Event "Al-Ain Classic Open A 2013"]
[Site "Al-Ain UAE"]
[Date "2013.12.20"]
[Round "2.32"]
[White "Salem, A.R. Saleh"]
[Black "Kalinina, Larisa"]
[Result "1-0"]
[WhiteTitle "GM"]
[BlackTitle "WIM"]
[WhiteElo "2564"]
[BlackElo "2155"]
[WhiteFideId "9301348"]
[BlackFideId "14106361"]
[EventDate "2013.12.19"]

1. d4 Nf6 2. c4 d6 3. Nf3 g6 4. g3 Bg7 5. Bg2 O-O 6. O-O Nbd7 7. Nc3 e5 8. b3
exd4 9. Nxd4 Re8 10. e4 Nc5 11. f3 Ne6 12. Nde2 a5 13. Be3 b6 14. Qc2 Bb7 15.
Rad1 Qe7 16. Rfe1 Nc5 17. Bf2 Rad8 18. h3 c6 19. a3 Qc7 20. f4 h5 21. Qb1 Ncd7
22. b4 axb4 23. axb4 Ra8 24. Nd4 Bf8 25. Rc1 Ra7 26. b5 c5 27. Nc6 Raa8 28. Rcd1
Nb8 29. e5 dxe5 30. fxe5 Ra3 31. exf6 Rxe1+ 32. Bxe1 Nxc6 33. Nd5 Qe5 34. bxc6
Bxc6 35. Qe4 Qxe4 36. Bxe4 Ba4 37. Rb1 Bb3 38. Ne7+ Kh7 39. Bd5 Bh6 40. Bxf7 Bc2
41. Rb2 Be3+ 42. Kh2 Bd3 43. Bg8+ Kh8 44. f7 Kg7 45. Nd5 Bd4 46. Rd2 Ra1 47. Nc7 1-0

[Event "Al-Ain Classic Open A 2013"]
[Site "Al-Ain UAE"]
[Date "2013.12.20"]
[Round "2.33"]
[White "Mukhin, Alexey"]
[Black "Baryshpolets, Andrey"]
[Result "1/2-1/2"]
[BlackTitle "GM"]
[WhiteElo "2188"]
[BlackElo "2557"]
[WhiteFideId "4180011"]
[BlackFideId "14117207"]
[EventDate "2013.12.19"]

1. c4 c5 2. Nf3 Nc6 3. Nc3 g6 4. e3 Nf6 5. d4 Bg7 6. d5 Na5 7. e4 d6 8. h3 O-O
9. Bd3 a6 10. O-O e5 11. a3 b6 12. b4 Nb7 13. Rb1 Bd7 14. Na4 cxb4 15. axb4 a5
16. Be3 Bxa4 17. Qxa4 axb4 18. Qxb4 Nc5 19. Bxc5 bxc5 20. Qb6 Ra3 21. Rfd1 Nh5
22. Rb3 Qxb6 23. Rxb6 Nf4 24. Bf1 Rd8 25. Nd2 Bf8 26. g3 Nh5 27. Nb1 Ra1 28. Nc3
Rxd1 29. Nxd1 Nf6 30. Nc3 Ra8 31. Rb3 Ra1 32. Kg2 Bh6 33. Bd3 Bd2 34. Rb8+ Kg7
35. Nb5 Ra6 36. Rd8 Ra2 37. Kf1 Ba5 38. Ra8 Ra1+ 39. Kg2 Bc3 40. Rxa1 Bxa1 41.
Nxd6 Kf8 42. Nb7 Bd4 43. Bc2 Ke7 44. f4 Kd7 45. fxe5 Bxe5 46. Nxc5+ Kd6 47. Nd3
Nd7 48. Ba4 Nc5 49. Nxe5 Kxe5 50. Bc2 Kd4 51. Kf3 Kxc4 52. Kf4 f6 53. e5 Kxd5
54. exf6 Ne6+ 55. Ke3 Ke5 56. f7 Kf6 57. Bb3 Kxf7 58. h4 1/2-1/2

[Event "Al-Ain Classic Open A 2013"]
[Site "Al-Ain UAE"]
[Date "2013.12.20"]
[Round "2.37"]
[White "Sarwat, Walaa"]
[Black "Gator, Mosab"]
[Result "1/2-1/2"]
[WhiteTitle "IM"]
[BlackTitle "FM"]
[WhiteElo "2315"]
[BlackElo "2120"]
[WhiteFideId "10600256"]
[BlackFideId "1312383"]
[EventDate "2013.12.19"]

1. c4 e5 2. Nc3 Nf6 3. e3 Be7 4. Qc2 O-O 5. Bd3 c6 6. Nf3 d6 7. c5 Nbd7 8. cxd6
Bxd6 9. b3 Nc5 10. Be2 e4 11. Nd4 Be5 12. Ba3 Bxd4 13. exd4 Qxd4 14. O-O Rd8 15.
Nb5 cxb5 16. Bxc5 Qe5 17. f4 Qc7 18. Rac1 Bf5 19. Qb2 Qd7 20. Bb4 Nd5 21. Bc5
Nf6 22. Bb4 Nd5 1/2-1/2

[Event "Al-Ain Classic Open A 2013"]
[Site "Al-Ain UAE"]
[Date "2013.12.20"]
[Round "2.39"]
[White "Laabi Chian, Majid"]
[Black "Safranska, Anda"]
[Result "0-1"]
[BlackTitle "WGM"]
[WhiteElo "2092"]
[BlackElo "2291"]
[WhiteFideId "12500224"]
[BlackFideId "11600209"]
[EventDate "2013.12.19"]

1. d4 d6 2. e4 Nf6 3. Nc3 g6 4. Be2 a6 5. a4 Bg7 6. Be3 Nc6 7. h3 e5 8. Nf3 O-O
9. d5 Ne7 10. g4 c6 11. Qd2 cxd5 12. exd5 Qa5 13. Rd1 Qb4 14. b3 e4 15. Nd4
Nexd5 16. Nxd5 Qxd2+ 17. Rxd2 Nxd5 18. c4 Nxe3 19. fxe3 Be5 20. O-O Kg7 21. Bd1
f5 22. gxf5 gxf5 23. Rg2+ Kh8 24. Ne2 Bd7 25. Nf4 Rg8 26. Bh5 Rxg2+ 27. Kxg2 Kg7
28. Nd5 Rg8 29. Ne7 Rf8 30. h4 Be6 31. Be2 Rf6 32. Nd5 Bxd5 33. cxd5 Rg6+ 34.
Kh1 Rg3 0-1

[Event "Al-Ain Classic Open A 2013"]
[Site "Al-Ain UAE"]
[Date "2013.12.20"]
[Round "2.48"]
[White "Abtini, Hasan"]
[Black "Andrenko, Irina"]
[Result "1-0"]
[BlackTitle "WIM"]
[WhiteElo "2014"]
[BlackElo "2211"]
[WhiteFideId "7601506"]
[BlackFideId "14118270"]
[EventDate "2013.12.19"]

1. d4 Nf6 2. Bf4 g6 3. Nf3 Bg7 4. e3 O-O 5. Be2 d6 6. h3 c5 7. c3 Qb6 8. Qb3
Qxb3 9. axb3 cxd4 10. exd4 Nc6 11. Nbd2 e5 12. dxe5 Nd5 13. Bh2 dxe5 14. O-O h6
15. Bb5 Nde7 16. Rfe1 f6 17. Bc4+ Kh7 18. b4 Nf5 19. b5 Nb8 20. Ne4 Nd7 21. Red1
Nb6 22. Bf1 Be6 23. Nc5 Bd5 24. Nd7 Nxd7 25. Rxd5 Nb6 26. Rdd1 Rfc8 27. g4 Ne7
28. Rd6 Kg8 29. b3 Re8 30. Rad1 Rac8 31. c4 Rc7 32. Nh4 Kf7 33. Bg2 g5 34. Nf5
Nxf5 35. gxf5 Bf8 36. R6d3 Bc5 37. Bf3 Ke7 38. Kg2 Rb8 39. Be4 Rd7 40. f3 Rxd3
41. Rxd3 Nc8 42. Bd5 Nb6 43. Be4 Nc8 44. Rd5 b6 45. Rd1 h5 46. h4 gxh4 47. Ra1
Bd4 48. Ra2 Kd6 49. Rd2 Kc5 50. Bd5 Bc3 51. Rd3 Kb4 52. Be6 Ne7 53. Rd7 Ng8 54.
Bg1 Re8 55. Bf2 Re7 56. Bxh4 Rxd7 57. Bxd7 e4 58. fxe4 Nh6 59. Be6 Ng4 60. Bg3
Ne3+ 61. Kh3 Nc2 1-0

[Event "Al-Ain Classic Open A 2013"]
[Site "Al-Ain UAE"]
[Date "2013.12.20"]
[Round "2.49"]
[White "Afshar, Niusha"]
[Black "Ayyad, Husain"]
[Result "1-0"]
[BlackTitle "FM"]
[WhiteElo "1992"]
[BlackElo "2191"]
[WhiteFideId "12509892"]
[BlackFideId "11200243"]
[EventDate "2013.12.19"]

1. e4 e5 2. Nf3 Nc6 3. Bc4 Nf6 4. Ng5 d5 5. exd5 Na5 6. Bb5+ c6 7. dxc6 bxc6 8.
Bd3 h6 9. Ne4 Nd5 10. O-O Nf4 11. Be2 Nxe2+ 12. Qxe2 Be7 13. Ng3 O-O 14. Qxe5
Bd6 15. Qh5 Re8 16. d3 Re5 17. Qd1 Re8 18. Bd2 c5 19. Qf3 Rb8 20. Bc3 Qc7 21.
Nd2 Nc6 22. Nc4 Bf4 23. Rfe1 Bb7 24. Qg4 Nd4 25. Nh5 Bg5 26. Bxd4 f5 27. Qg3 f4
28. Qg4 cxd4 29. h4 Rxe1+ 30. Rxe1 Bc8 31. Re8+ Kf7 32. Rxc8 Rxc8 33. Qxc8 1-0

[Event "Al-Ain Classic Open A 2013"]
[Site "Al-Ain UAE"]
[Date "2013.12.20"]
[Round "2.50"]
[White "Drazic, Sinisa"]
[Black "Ipatov, Alexander"]
[Result "1/2-1/2"]
[WhiteTitle "GM"]
[BlackTitle "GM"]
[WhiteElo "2441"]
[BlackElo "2635"]
[WhiteFideId "901172"]
[BlackFideId "14116731"]
[EventDate "2013.12.19"]

1. d4 b6 2. e4 Bb7 3. Nc3 e6 4. Nf3 Bb4 5. Bd3 Nf6 6. Qe2 d5 7. exd5 Qxd5 8. Bd2
Bxc3 9. bxc3 Nbd7 10. c4 Qd6 11. O-O O-O-O 12. a4 c5 13. Ne5 Rhf8 14. Nxd7 Nxd7
15. dxc5 Nxc5 16. a5 e5 17. Bf5+ Kb8 18. Bc3 f6 19. axb6 axb6 20. Bxh7 g6 21. f3
Ne6 22. Qd3 Rh8 23. Bxg6 Nf4 1/2-1/2

[Event "Al-Ain Classic Open A 2013"]
[Site "Al-Ain UAE"]
[Date "2013.12.20"]
[Round "2.51"]
[White "Chelushkina, Irina"]
[Black "Kurbanov, Charygeldy"]
[Result "1-0"]
[WhiteTitle "WGM"]
[WhiteElo "2276"]
[BlackElo "2104"]
[WhiteFideId "928615"]
[BlackFideId "14001152"]
[EventDate "2013.12.19"]

1. g3 e5 2. d4 exd4 3. Qxd4 Nc6 4. Qd1 d5 5. Bg2 Be6 6. Nf3 Be7 7. c3 h6 8. Nbd2
Nf6 9. O-O O-O 10. Nb3 Qd7 11. Re1 Bh3 12. Bf4 Bxg2 13. Kxg2 Bd6 14. Be3 b6 15.
Qd3 Rfe8 16. a4 Ne5 17. Nxe5 Bxe5 18. a5 c5 19. Nd2 Ng4 20. axb6 axb6 21. Rxa8
Rxa8 22. Nf3 Nxe3+ 23. fxe3 Qe6 24. Rd1 Bf6 25. Qxd5 Qe8 26. Rd3 Ra4 27. Kf2 Re4
28. b3 g5 29. h3 g4 30. hxg4 Rxg4 31. Qf5 Rg6 32. e4 Bg7 33. e5 Re6 34. Rd5 Qa8
35. c4 b5 36. Rd7 Qe8 37. Qd3 bxc4 38. bxc4 Bf8 39. Rd8 Qe7 40. Qd5 Rg6 41. Rd7
Qe6 42. Qxe6 fxe6 43. Rc7 Rg4 44. Nd2 h5 45. Kf3 Rg7 46. Rc6 Rf7+ 47. Kg2 Ra7
48. Ne4 Ra4 49. Rc7 Bg7 50. Rxc5 Ra6 51. Kh3 Kh7 52. Ng5+ Kg6 53. Nf3 Kf5 54.
Rc7 Bh6 55. Rh7 Kg6 56. Re7 Bf8 57. Nh4+ Kg5 58. Rf7 Bc5 59. Rf6 1-0

[Event "Al-Ain Classic Open A 2013"]
[Site "Al-Ain UAE"]
[Date "2013.12.20"]
[Round "2.52"]
[White "Supatashvili, Khvicha"]
[Black "Salih, Akar Ali Salih"]
[Result "1/2-1/2"]
[WhiteTitle "IM"]
[BlackTitle "FM"]
[WhiteElo "2455"]
[BlackElo "2313"]
[WhiteFideId "13600664"]
[BlackFideId "4800575"]
[EventDate "2013.12.19"]

1. d4 Nf6 2. c4 c5 3. d5 e6 4. Nf3 exd5 5. cxd5 d6 6. h3 g6 7. e4 a6 8. Bd3 b5
9. O-O Bg7 10. Re1 O-O 11. a4 c4 12. Bf1 Bb7 13. axb5 axb5 14. Rxa8 Bxa8 15. Na3
Qb6 16. Nd4 Re8 17. Ndxb5 Rxe4 18. Be3 Qd8 19. Nc3 Re8 20. Nxc4 Na6 21. Be2 Nb4
22. Bf3 Qb8 23. Qd2 Nd7 24. Rd1 Rc8 25. Be2 Bxc3 26. bxc3 Nxd5 27. Bd4 Ne5 28.
Na5 Qc7 29. c4 Ne7 30. f4 N5c6 31. Nxc6 Qxc6 32. Bd3 Qd7 33. Ba1 Rf8 34. Qb2 f6
35. Kh2 Nf5 36. Re1 Nh4 37. Re2 Nf5 38. Qb6 Nh4 39. Qb5 Bc6 40. Qb2 Ba8 41. Qc3
Nf5 42. Qd2 Ne7 43. Qe1 Qc6 44. Qh4 d5 45. c5 d4 46. Bc4+ Kh8 47. Bxd4 Nf5 48.
Qf2 Qa4 49. g4 Qxc4 50. gxf5 gxf5 51. Re1 Qf7 52. Qb2 h5 53. Rg1 Kh7 54. Qc2 Qd5
55. Qe2 Kh6 56. Rg2 Rg8 57. Rxg8 Qxg8 58. Bg1 Kg6 59. Kg3 Qb3+ 60. Be3 Qd5 61.
Kh4 Qf3 62. Qe1 Bd5 63. Qd2 Qg2 64. Bf2 Bf3 65. Qe3 Be4 66. Bg3 Qh1 67. Qe2 Bf3
68. Qe8+ Kg7 69. Qd7+ Kg6 70. Qe8+ Kg7 71. Bf2 Bg4 72. Qe7+ Kg6 73. Qe8+ Kg7 74.
Qe3 Qf3 75. Qe7+ Kg6 76. Qe8+ Kg7 77. Qe7+ Kg6 78. Qe3 Qxe3 79. Bxe3 Bf3 1/2-1/2

[Event "Al-Ain Classic Open A 2013"]
[Site "Al-Ain UAE"]
[Date "2013.12.20"]
[Round "2.35"]
[White "Tuvsanaa, Nyamaa"]
[Black "Baghdasaryan, Vahe"]
[Result "1-0"]
[WhiteTitle "FM"]
[BlackTitle "IM"]
[WhiteElo "2162"]
[BlackElo "2395"]
[WhiteFideId "4900413"]
[BlackFideId "13303139"]
[EventDate "2013.12.19"]

1. d4 d5 2. c4 c6 3. cxd5 cxd5 4. Nc3 Nf6 5. Bf4 Nc6 6. e3 a6 7. Nf3 Bg4 8. Rc1
e6 9. Qb3 Bxf3 10. gxf3 Na5 11. Qa4+ Nc6 12. Qb3 Ra7 13. Rg1 Nh5 14. Bg5 f6 15.
Bh4 g5 16. Bg3 Nxg3 17. hxg3 Na5 18. Qc2 b5 19. Rh1 Bd6 20. Bd3 Qd7 21. Ke2 Rc7
22. a3 h6 23. Rh5 Kf8 24. Rch1 Kg7 25. f4 g4 26. R1h4 f5 27. Bxf5 exf5 28. Rxf5
Rf8 29. Rg5+ Kf7 30. Rxh6 Ke8 31. Qg6+ Rf7 32. Rh8+ Bf8 33. Rxf8+ Kxf8 34. Qg8+
Ke7 35. Re5+ 1-0

[Event "Al-Ain Classic Open A 2013"]
[Site "Al-Ain UAE"]
[Date "2013.12.21"]
[Round "3.3"]
[White "Rzayev, Bahruz"]
[Black "Hovhannisyan, Robert"]
[Result "0-1"]
[WhiteTitle "IM"]
[BlackTitle "GM"]
[WhiteElo "2465"]
[BlackElo "2597"]
[WhiteFideId "13403036"]
[BlackFideId "13302507"]
[EventDate "2013.12.19"]

1. e4 c6 2. d4 d5 3. f3 Qb6 4. Nc3 dxe4 5. fxe4 e5 6. Nf3 exd4 7. Qxd4 Qxd4 8.
Nxd4 Bc5 9. Be3 Nf6 10. O-O-O O-O 11. Nf5 Bxe3+ 12. Nxe3 Ng4 13. Nxg4 Bxg4 14.
Rd6 Re8 15. h3 Be6 16. Be2 Nd7 17. Rhd1 Ne5 18. b3 b5 19. Bf1 Kf8 20. Ne2 Ke7
21. Nf4 a5 22. a3 g5 23. Nh5 b4 24. Ng7 Red8 25. Rxd8 Rxd8 26. Rxd8 Kxd8 27.
axb4 axb4 28. Kd2 Ke7 29. Ke3 Bd7 30. Nh5 c5 31. Ng3 Kf6 32. Nh5+ Kg6 33. Ng3 h5
34. Ba6 h4 35. Ne2 Be6 36. Nc1 Kf6 37. Bb7 Ke7 38. Kd2 Bd7 39. Na2 Bb5 40. Ke3
Kd6 41. c3 c4 42. Bd5 cxb3 43. Bxb3 Bc4 44. Nc1 Bxb3 45. Nxb3 bxc3 46. Kd4 c2
47. Kc3 Ng6 48. Kxc2 Nf4 49. Nd4 Nxg2 50. Nf3 f6 51. e5+ Ke6 52. Kd2 Nf4 53.
exf6 Nxh3 54. Ke3 Kxf6 55. Nh2 Kf5 56. Kf3 g4+ 57. Kg2 Ng5 58. Nf1 Kf4 59. Nd2
h3+ 60. Kh1 g3 61. Nb3 g2+ 62. Kh2 Nf3+ 0-1

[Event "Al-Ain Classic Open A 2013"]
[Site "Al-Ain UAE"]
[Date "2013.12.21"]
[Round "3.4"]
[White "Mammadov, Zaur"]
[Black "Durarbayli, Vasif"]
[Result "1/2-1/2"]
[WhiteTitle "IM"]
[BlackTitle "GM"]
[WhiteElo "2423"]
[BlackElo "2559"]
[WhiteFideId "13401033"]
[BlackFideId "13402935"]
[EventDate "2013.12.19"]

1. e4 e5 2. Nf3 Nc6 3. Nc3 Nf6 4. d4 exd4 5. Nxd4 Bb4 6. Nxc6 bxc6 7. Bd3 O-O 8.
O-O d5 9. exd5 cxd5 10. h3 c6 11. Qf3 Rb8 12. Ne2 Bd6 13. b3 Re8 14. Bf4 c5 15.
Rfe1 Bb7 16. Bxd6 Qxd6 17. Nf4 c4 18. Bf1 Re5 19. Rxe5 Qxe5 20. Rd1 d4 21. Qg3
Ne4 22. Re1 Re8 23. Qh2 Qa5 24. Re2 Qxa2 25. bxc4 Rc8 26. Nd5 Bxd5 27. cxd5 Qxd5
28. Qf4 f5 29. g4 a5 30. gxf5 Nf6 31. Rd2 Rd8 32. c3 Qd6 33. Qxd6 Rxd6 34. cxd4
Kf8 35. Ra2 Rd5 36. Bg2 Rxf5 37. d5 Nxd5 38. Rxa5 Ne7 1/2-1/2

[Event "Al-Ain Classic Open A 2013"]
[Site "Al-Ain UAE"]
[Date "2013.12.21"]
[Round "3.5"]
[White "Anurag, Mhamal"]
[Black "Gopal, G.N."]
[Result "1/2-1/2"]
[WhiteTitle "IM"]
[BlackTitle "GM"]
[WhiteElo "2416"]
[BlackElo "2540"]
[WhiteFideId "5024366"]
[BlackFideId "5015693"]
[EventDate "2013.12.19"]

1. d4 Nf6 2. Nf3 g6 3. e3 Bg7 4. Be2 d5 5. O-O O-O 6. b4 c6 7. Nbd2 a5 8. bxa5
c5 9. c4 cxd4 10. Nxd4 Nc6 11. a6 Nxd4 12. exd4 Rxa6 13. cxd5 Ra7 14. Bb2 Nxd5
15. Bc4 Nb6 16. Bb3 Bxd4 17. Bxd4 Qxd4 1/2-1/2

[Event "Al-Ain Classic Open A 2013"]
[Site "Al-Ain UAE"]
[Date "2013.12.21"]
[Round "3.6"]
[White "Barsov, Alexei"]
[Black "Karavade, Eesha"]
[Result "1/2-1/2"]
[WhiteTitle "GM"]
[BlackTitle "IM"]
[WhiteElo "2527"]
[BlackElo "2380"]
[WhiteFideId "14200082"]
[BlackFideId "5012600"]
[EventDate "2013.12.19"]

1. d4 Nf6 2. Nf3 e6 3. c4 d5 4. e3 Bb4+ 5. Bd2 Bxd2+ 6. Qxd2 O-O 7. Nc3 Nbd7 8.
Be2 dxc4 9. Bxc4 b6 10. O-O Bb7 11. Qe2 Ne4 12. Nxe4 Bxe4 13. Bd3 Bxd3 14. Qxd3 1/2-1/2

[Event "Al-Ain Classic Open A 2013"]
[Site "Al-Ain UAE"]
[Date "2013.12.21"]
[Round "3.7"]
[White "Abdulov, Orkhan"]
[Black "Mirzoev, Azer"]
[Result "0-1"]
[WhiteTitle "IM"]
[BlackTitle "GM"]
[WhiteElo "2356"]
[BlackElo "2518"]
[WhiteFideId "13402714"]
[BlackFideId "13400304"]
[EventDate "2013.12.19"]

1. e4 e5 2. Nf3 Nc6 3. Nc3 Nf6 4. d4 Bb4 5. Nxe5 Nxe4 6. Qg4 Nxc3 7. Qxg7 Rf8 8.
a3 Ba5 9. Nxc6 dxc6 10. Qe5+ Qe7 11. Qxe7+ Kxe7 12. Bd2 Bf5 13. Bxc3 Bxc3+ 14.
bxc3 Bxc2 15. Kd2 Bg6 16. Bc4 Kd6 17. Rae1 b5 18. Bb3 Rae8 19. h4 Be4 20. f3 Bd5
21. Bc2 h6 22. Bd1 c5 23. g4 cxd4 24. cxd4 a5 25. g5 Rxe1 26. Kxe1 hxg5 27. hxg5
b4 28. Rh6+ Ke7 29. axb4 axb4 30. Rh7 b3 31. g6 b2 32. Bc2 Ba2 33. g7 Rg8 34.
Rh8 Rxg7 35. Rb8 b1=Q+ 0-1

[Event "Al-Ain Classic Open A 2013"]
[Site "Al-Ain UAE"]
[Date "2013.12.21"]
[Round "3.10"]
[White "Miroshnichenko, Evgenij"]
[Black "Drazic, Sinisa"]
[Result "1-0"]
[WhiteTitle "GM"]
[BlackTitle "GM"]
[WhiteElo "2626"]
[BlackElo "2441"]
[WhiteFideId "14102595"]
[BlackFideId "901172"]
[EventDate "2013.12.19"]

1. c4 Nf6 2. d4 e6 3. Nf3 Bb4+ 4. Nbd2 d5 5. e3 O-O 6. a3 Be7 7. b4 a5 8. b5 c5
9. bxc6 bxc6 10. c5 a4 11. Ne5 Nfd7 12. Ndf3 f6 13. Nd3 Rf7 14. Rb1 e5 15. dxe5
Nxc5 16. Nxc5 Bxc5 17. Bd3 Bf8 18. Qc2 f5 19. Nd4 c5 20. e6 Rf6 21. Rxb8 Rxb8
22. Nc6 Qb6 23. Nxb8 Qxb8 24. Bxf5 g6 25. e7 Bxf5 26. exf8=Q+ Qxf8 27. Qxa4 Bd3
28. f3 Rxf3 29. gxf3 Qxf3 30. Qe8+ Kg7 31. Qe5+ Kg8 32. Qb8+ Kg7 33. Qb2+ Kg8
34. Rg1 Bc4 35. Qf2 Qe4 36. Qg3 Qc2 37. Qb8+ Kf7 38. Qb2 Qe4 39. Qb7+ Kg8 40.
Qc8+ Kf7 41. Qc7+ Kg8 42. Qxc5 Qh4+ 43. Rg3 Qf6 44. Qc8+ Kf7 45. Qh3 Kg8 46. Rf3
Qc3+ 47. Bd2 Qxa3 48. Qe6+ Kg7 49. Rf7+ 1-0

[Event "Al-Ain Classic Open A 2013"]
[Site "Al-Ain UAE"]
[Date "2013.12.21"]
[Round "3.11"]
[White "Kravtsiv, Martyn"]
[Black "Erdogdu, Mert"]
[Result "1-0"]
[WhiteTitle "GM"]
[BlackTitle "IM"]
[WhiteElo "2617"]
[BlackElo "2426"]
[WhiteFideId "14113147"]
[BlackFideId "6301495"]
[EventDate "2013.12.19"]

1. e4 c5 2. Nf3 d6 3. d4 cxd4 4. Nxd4 Nf6 5. Nc3 a6 6. Bc4 e6 7. O-O b5 8. Bb3
Be7 9. Qf3 Qb6 10. Be3 Qb7 11. Qg3 O-O 12. Bh6 Ne8 13. Rad1 Bd7 14. Rfe1 Kh8 15.
Bg5 Bxg5 16. Qxg5 Nc6 17. Nf3 Qc7 18. Rd3 b4 19. Ne2 Na5 20. c4 Nb7 21. Ng3 Nc5
22. Rd2 e5 23. Qe3 a5 24. Red1 Be6 25. Qe2 a4 26. Bc2 b3 27. Bb1 bxa2 28. Bxa2
Rb8 29. Nf5 Qb6 30. h3 g6 31. Ne3 Nxe4 32. c5 Nxc5 33. Bxe6 Nxe6 34. Nd5 Nf4 35.
Nxf4 exf4 36. Qe4 d5 37. Qxa4 Nf6 38. Qd4 Kg8 39. Qxf4 Ne4 40. Rd4 Rbc8 41. Ne5 1-0

[Event "Al-Ain Classic Open A 2013"]
[Site "Al-Ain UAE"]
[Date "2013.12.21"]
[Round "3.12"]
[White "Sharbaf, Mohsen"]
[Black "Pashikian, Arman"]
[Result "1-0"]
[WhiteTitle "IM"]
[BlackTitle "GM"]
[WhiteElo "2424"]
[BlackElo "2617"]
[WhiteFideId "12501808"]
[BlackFideId "13301578"]
[EventDate "2013.12.19"]

1. e4 e5 2. Nf3 Nc6 3. Nc3 Nf6 4. d4 exd4 5. Nxd4 Bb4 6. Nxc6 bxc6 7. Bd3 O-O 8.
O-O Re8 9. Bg5 h6 10. Bh4 Rb8 11. f4 Be7 12. e5 Nd5 13. Bxe7 Qxe7 14. Nxd5 cxd5
15. b3 d6 16. Qf3 dxe5 17. fxe5 Be6 18. Rae1 c5 19. c4 dxc4 20. Bxc4 Bxc4 21.
bxc4 Rb2 22. Re4 Rxa2 23. Kh1 Qe6 24. h3 a5 25. Qg3 Kf8 26. Qe3 a4 27. Rf6 Qd7
28. Qxc5+ Kg8 29. Rf1 a3 30. Ref4 Qe6 31. Rxf7 Qxe5 32. Qc6 Re2 33. Qf3 a2 34.
Ra7 Rb8 35. Qd3 Re8 36. c5 Qb2 37. c6 Re1 38. Qd5+ Kh8 39. Rxe1 Rxe1+ 40. Kh2
Qb8+ 41. c7 Qf8 42. Ra8 Re8 43. Rxe8 Qxe8 44. Qd8 1-0

[Event "Al-Ain Classic Open A 2013"]
[Site "Al-Ain UAE"]
[Date "2013.12.21"]
[Round "3.13"]
[White "Iordachescu, Viorel"]
[Black "Lazarev, Vladimir"]
[Result "1-0"]
[WhiteTitle "GM"]
[BlackTitle "GM"]
[WhiteElo "2614"]
[BlackElo "2427"]
[WhiteFideId "13900200"]
[BlackFideId "4113250"]
[EventDate "2013.12.19"]

1. c4 e6 2. Nc3 d5 3. d4 Bb4 4. Nf3 Nf6 5. Qa4+ Nc6 6. a3 Bxc3+ 7. bxc3 Ne4 8.
Qc2 Na5 9. e3 b6 10. cxd5 exd5 11. Bb5+ c6 12. Bd3 O-O 13. O-O Re8 14. Ne5 c5
15. f3 Nf6 16. Qd1 Bb7 17. Ra2 Re7 18. Re2 Nd7 19. Ng4 Nf8 20. f4 f6 21. f5 Qd7
22. a4 Bc6 23. Bc2 Nc4 24. Rf3 Rae8 25. Nf2 cxd4 26. cxd4 Qc8 27. Nd3 a5 28. Nf4
Rc7 29. Qd3 Kh8 30. Rh3 Bb7 31. Qd1 Qd7 32. Rf2 Rec8 33. Ne6 Rc6 34. Qg4 Qf7 35.
Qh4 h6 36. e4 Nd6 37. Nxg7 Nh7 38. Bxh6 Rxc2 39. Rxc2 Rxc2 40. e5 Ne4 41. Ne6
Rc8 42. exf6 Nexf6 43. Bg7+ Kg8 44. Bxf6 1-0

[Event "Al-Ain Classic Open A 2013"]
[Site "Al-Ain UAE"]
[Date "2013.12.21"]
[Round "3.14"]
[White "Tunik, Gennady"]
[Black "Gupta, Abhijeet"]
[Result "0-1"]
[WhiteTitle "GM"]
[BlackTitle "GM"]
[WhiteElo "2416"]
[BlackElo "2608"]
[WhiteFideId "4101219"]
[BlackFideId "5010608"]
[EventDate "2013.12.19"]

1. d4 Nf6 2. c4 g6 3. Nc3 d5 4. cxd5 Nxd5 5. Bd2 Nb6 6. e3 Bg7 7. f4 O-O 8. Nf3
c5 9. dxc5 N6d7 10. Ne4 Bxb2 11. Rb1 Bg7 12. Qc1 Nf6 13. Nxf6+ Bxf6 14. Be2 Qc7
15. e4 Be6 16. Qa3 Nc6 17. Be3 a5 18. O-O Nb4 19. e5 Bg7 20. Rb2 Rfd8 21. Nd4
Bd5 22. Nb5 Qc6 23. Nc3 e6 24. Nxd5 Nxd5 25. Bf3 Bf8 26. Rfb1 Rd7 27. Bxd5 Qxd5
28. Rd2 Qe4 29. Rxd7 Qxb1+ 30. Kf2 b6 31. Qb3 Qxb3 32. axb3 Bxc5 33. Bxc5 bxc5
34. Rc7 a4 35. bxa4 Rxa4 36. Kf3 Ra3+ 37. Kg4 Rc3 38. g3 c4 39. Rc8+ Kg7 40. Kh4
Rc2 41. h3 h6 42. Kg4 c3 43. Rc7 Rc1 44. Rc8 c2 45. Rc7 h5+ 46. Kh4 Kh6 47. Rc8
Re1 48. Rxc2 Re4 49. g4 Rxf4 50. Re2 Rf3 51. gxh5 g5+ 52. Kg4 Rf4+ 53. Kg3 Kxh5
54. Re1 Kg6 55. Re2 Kf5 56. Re1 Re4 57. Rxe4 Kxe4 58. Kg4 Kxe5 59. Kxg5 Kd6 60.
h4 Ke7 61. Kh6 e5 0-1

[Event "Al-Ain Classic Open A 2013"]
[Site "Al-Ain UAE"]
[Date "2013.12.21"]
[Round "3.15"]
[White "Vovk, Andrey"]
[Black "Safarov, Zirva"]
[Result "1-0"]
[WhiteTitle "GM"]
[WhiteElo "2599"]
[BlackElo "2120"]
[WhiteFideId "14114470"]
[BlackFideId "13413040"]
[EventDate "2013.12.19"]

1. e4 e5 2. Nf3 Nc6 3. Bb5 Nf6 4. d3 Bc5 5. O-O d6 6. c3 O-O 7. h3 h6 8. Re1 Bd7
9. Nbd2 a6 10. Ba4 Bb6 11. Bc2 Ne7 12. d4 Ng6 13. Nc4 Re8 14. Nxb6 cxb6 15. a4
Qc7 16. Be3 a5 17. Bd3 d5 18. Nxe5 Nxe5 19. Bf4 dxe4 20. Bxe5 Rxe5 21. dxe5 Qxe5
22. Bxe4 Qg5 23. Bxb7 Rb8 24. Qf3 Be6 25. Bc6 Rc8 26. Rad1 Qc5 27. Bb5 Qg5 28.
Qe3 Qg6 29. Bd3 Qh5 30. Qxb6 g5 31. Qxa5 Qh4 32. Bf5 Rf8 33. Rd4 g4 34. Bxe6
fxe6 35. Qe5 h5 36. Qxe6+ Kg7 37. Qe7+ Rf7 38. Qe5 1-0

[Event "Al-Ain Classic Open A 2013"]
[Site "Al-Ain UAE"]
[Date "2013.12.21"]
[Round "3.16"]
[White "Petrosyan, Tigran S."]
[Black "Ghaem Maghami, Ehsan"]
[Result "1/2-1/2"]
[WhiteTitle "FM"]
[BlackTitle "GM"]
[WhiteElo "2383"]
[BlackElo "2560"]
[WhiteFideId "13303678"]
[BlackFideId "12500739"]
[EventDate "2013.12.19"]

1. Nf3 c5 2. c4 Nc6 3. Nc3 g6 4. e3 d6 5. d4 cxd4 6. exd4 Bg4 7. Be2 Bg7 8. O-O
Rc8 9. Be3 Nh6 10. d5 Bxf3 11. Bxf3 Ne5 12. Be2 Nxc4 13. Bxh6 Bxh6 14. Qd4 Ne5
15. f4 Bxf4 16. Bb5+ Kf8 17. Rxf4 a6 18. Be2 Kg7 19. Ne4 Rf8 20. Raf1 Qc7 1/2-1/2

[Event "Al-Ain Classic Open A 2013"]
[Site "Al-Ain UAE"]
[Date "2013.12.21"]
[Round "3.18"]
[White "Djuraev, Sokhib"]
[Black "Batchuluun, Tsegmed"]
[Result "0-1"]
[WhiteTitle "FM"]
[BlackTitle "GM"]
[WhiteElo "2355"]
[BlackElo "2528"]
[WhiteFideId "14201690"]
[BlackFideId "4900847"]
[EventDate "2013.12.19"]

1. e4 e5 2. Nf3 Nc6 3. c3 d5 4. Qa4 f6 5. Bb5 Ne7 6. O-O a6 7. exd5 Qxd5 8. Bc4
Qd6 9. Qb3 e4 10. Bf7+ Kd8 11. Nd4 Nxd4 12. cxd4 Nc6 13. d5 Nd4 14. Qa4 Qe5 15.
d3 Bd6 16. g3 Bh3 17. Nc3 Nf3+ 18. Kh1 Bxf1 19. Bf4 Qd4 20. Qxd4 Nxd4 21. Bxd6
cxd6 22. Rxf1 exd3 23. Rd1 Rf8 24. Bh5 g6 25. Rxd3 Nb5 26. Be2 Nxc3 27. Rxc3 Rc8
28. Rb3 Rc2 29. Bf1 Kc7 30. Kg2 Re8 31. Bd3 Rc5 0-1